[Event "45th FIDE Chess Olympiad Open"]
[Site "Budapest, Hungary"]
[Date "2024.09.21"]
[Round "10"]
[White "Mimbasa Kutesa, Willy"]
[Black "Roberts, Gennard"]
[Result "1-0"]
[Board "342"]
[WhiteFideId "21400113"]
[BlackFideId "23800330"]
[WhiteTitle "FM"]
[WhiteElo "1848"]
[BlackElo "1582"]
[WhiteTeam "Democratic Republic of the Congo"]
[BlackTeam "Grenada"]
[WhiteClock "1:25:16"]
[BlackClock "0:30:23"]
[Variant "Standard"]

1. e4 {[%clk 1:30:35]}  c5 {[%clk 1:30:50]} 2. Nf3 {[%clk 1:30:41]}  e6 {[%clk 1:31:11]} 3. d4 {[%clk 1:29:52]}  cxd4 {[%clk 1:31:35]} 4. Nxd4 {[%clk 1:29:39]}  a6 {[%clk 1:31:59]} 5. Bd3 {[%clk 1:29:19]}  Qc7 {[%clk 1:31:44]} 6. O-O {[%clk 1:29:16]}  Nf6 {[%clk 1:30:56]} 7. Bg5 {[%clk 1:27:21]}  Be7 {[%clk 1:31:02]} 8. Nc3 {[%clk 1:26:06]}  Nc6 {[%clk 1:30:18]} 9. Nf3 {[%clk 1:25:26]}  b5 {[%clk 1:26:35]} 10. Ne2 {[%clk 1:24:12]}  Bb7 {[%clk 1:26:26]} 11. c3 {[%clk 1:21:24]}  O-O {[%clk 1:25:16]} 12. Rc1 {[%clk 1:19:38]}  Rfd8 {[%clk 1:11:04]} 13. Ned4 {[%clk 1:18:39]}  Rac8 {[%clk 1:10:46]} 14. Qe2 {[%clk 1:17:46]}  h6 {[%clk 1:02:12]} 15. Bh4 {[%clk 1:17:45]}  d5 {[%clk 1:01:18]} 16. Nxc6 {[%clk 1:16:42]}  Bxc6 {[%clk 1:01:25]} 17. e5 {[%clk 1:15:05]}  Ne4 {[%clk 1:01:20]} 18. Bxe7 {[%clk 1:14:40]}  Qxe7 {[%clk 1:01:48]} 19. Nd4 {[%clk 1:14:29]}  Bb7 {[%clk 1:00:27]} 20. f4 {[%clk 1:13:59]}  Rc7 {[%clk 0:54:38]} 21. Qg4 {[%clk 1:13:04]}  Bc8 {[%clk 0:51:44]} 22. Rf3 {[%clk 1:11:43]}  Re8 {[%clk 0:50:35]} 23. Re1 {[%clk 1:11:29]}  b4 {[%clk 0:50:04]} 24. Bxe4 {[%clk 1:08:47]}  dxe4 {[%clk 0:49:16]} 25. Rh3 {[%clk 1:07:13]}  Kh8 {[%clk 0:46:20]} 26. Rg3 {[%clk 1:05:18]}  g6 {[%clk 0:28:41]} 27. Rxe4 {[%clk 1:04:51]}  Rd8 {[%clk 0:25:24]} 28. Re1 {[%clk 1:04:02]}  Kh7 {[%clk 0:25:29]} 29. h4 {[%clk 1:03:27]}  h5 {[%clk 0:25:52]} 30. Qh3 {[%clk 1:02:22]}  bxc3 {[%clk 0:18:24]} 31. bxc3 {[%clk 1:02:26]}  Qa3 {[%clk 0:18:50]} 32. Rge3 {[%clk 0:57:14]}  Qxa2 {[%clk 0:17:38]} 33. Qg3 {[%clk 0:57:26]}  Bb7 {[%clk 0:08:40]} 34. Qg5 {[%clk 0:57:25]}  Rdd7 {[%clk 0:09:08]} 35. f5 {[%clk 0:56:56]}  Rxd4 {[%clk 0:04:20]} 36. fxg6+ {[%clk 0:56:31]}  fxg6 {[%clk 0:04:48]} 37. cxd4 {[%clk 0:56:05]}  Rc2 {[%clk 0:04:49]} 38. Rg3 {[%clk 0:55:36]}  Rxg2+ {[%clk 0:01:50]} 39. Rxg2 {[%clk 0:55:36]}  Bxg2 {[%clk 0:02:17]} 40. Qxg2 {[%clk 0:55:43]}  Qc4 {[%clk 0:00:41]} 41. Qf2 {[%clk 0:55:41]}  a5 {[%clk 0:30:23]} 42. Rf1 {[%clk 1:25:16]} 1-0

[Event "45th FIDE Chess Olympiad Open"]
[Site "Budapest, Hungary"]
[Date "2024.09.21"]
[Round "10"]
[White "Tan, Santiago Jr"]
[Black "Kudakwashe Chinake"]
[Result "0-1"]
[Board "349"]
[WhiteFideId "16601661"]
[BlackFideId "33100179"]
[WhiteElo "1903"]
[BlackElo "1859"]
[WhiteTeam "Palau"]
[BlackTeam "Cayman Islands"]
[WhiteClock "0:19:55"]
[BlackClock "0:23:34"]
[Variant "Standard"]

1. e4 {[%clk 1:30:55]}  c6 {[%clk 1:30:52]} 2. d4 {[%clk 1:30:38]}  d5 {[%clk 1:31:17]} 3. exd5 {[%clk 1:29:09]}  cxd5 {[%clk 1:31:38]} 4. Nf3 {[%clk 1:29:22]}  Nc6 {[%clk 1:30:57]} 5. c3 {[%clk 1:28:06]}  Nf6 {[%clk 1:31:06]} 6. Be2 {[%clk 1:27:33]}  Bg4 {[%clk 1:31:19]} 7. O-O {[%clk 1:25:18]}  e6 {[%clk 1:31:30]} 8. Bg5 {[%clk 1:25:28]}  Be7 {[%clk 1:31:20]} 9. Nbd2 {[%clk 1:25:05]}  O-O {[%clk 1:29:09]} 10. Re1 {[%clk 1:21:52]}  Rc8 {[%clk 1:17:24]} 11. Rc1 {[%clk 1:16:25]}  Bxf3 {[%clk 1:11:44]} 12. Nxf3 {[%clk 1:10:15]}  a6 {[%clk 1:09:06]} 13. b4 {[%clk 1:10:06]}  b5 {[%clk 1:09:14]} 14. Bd3 {[%clk 1:10:02]}  h6 {[%clk 1:07:08]} 15. Bh4 {[%clk 1:10:13]}  Nd7 {[%clk 1:07:07]} 16. Bg3 {[%clk 1:10:20]}  Nb6 {[%clk 1:06:38]} 17. Bb1 {[%clk 1:07:58]}  Qd7 {[%clk 0:58:41]} 18. Qd3 {[%clk 1:04:54]}  f5 {[%clk 0:51:03]} 19. Be5 {[%clk 1:02:35]}  Bf6 {[%clk 0:47:44]} 20. h3 {[%clk 0:51:16]}  Bxe5 {[%clk 0:33:28]} 21. dxe5 {[%clk 0:44:00]}  Nc4 {[%clk 0:32:47]} 22. Bc2 {[%clk 0:39:43]}  Ne7 {[%clk 0:25:59]} 23. Bb3 {[%clk 0:38:12]}  g6 {[%clk 0:22:06]} 24. Bxc4 {[%clk 0:33:17]}  Rxc4 {[%clk 0:22:16]} 25. Nd2 {[%clk 0:33:30]}  Rc7 {[%clk 0:20:26]} 26. Nb3 {[%clk 0:32:20]}  Nc8 {[%clk 0:18:39]} 27. a3 {[%clk 0:24:27]}  Nb6 {[%clk 0:17:40]} 28. Qe3 {[%clk 0:23:38]}  Na4 {[%clk 0:17:09]} 29. Qxh6 {[%clk 0:23:33]}  Qg7 {[%clk 0:17:32]} 30. Qd2 {[%clk 0:22:22]}  Rfc8 {[%clk 0:17:14]} 31. Nd4 {[%clk 0:21:29]}  Kf7 {[%clk 0:14:55]} 32. Nf3 {[%clk 0:20:10]}  Ke7 {[%clk 0:07:52]} 33. Qd4 {[%clk 0:17:13]}  g5 {[%clk 0:07:55]} 34. h4 {[%clk 0:12:05]}  gxh4 {[%clk 0:04:31]} 35. Qxh4+ {[%clk 0:11:44]}  Kd7 {[%clk 0:04:31]} 36. Red1 {[%clk 0:09:59]}  Rg8 {[%clk 0:03:42]} 37. Qh2 {[%clk 0:08:29]}  Rc4 {[%clk 0:03:20]} 38. Rd4 {[%clk 0:05:44]}  Rh8 {[%clk 0:03:23]} 39. Qf4 {[%clk 0:05:10]}  Nxc3 {[%clk 0:02:45]} 40. Rxc3 {[%clk 0:03:01]}  Qh7 {[%clk 0:02:20]} 41. Kf1 {[%clk 0:00:39]}  Rxc3 {[%clk 0:01:17]} 42. Qd2 {[%clk 0:28:25]}  Qh1+ {[%clk 0:29:23]} 43. Ke2 {[%clk 0:28:31]}  Qc1 {[%clk 0:26:15]} 44. Rxd5+ {[%clk 0:24:44]}  exd5 {[%clk 0:26:17]} 45. Qxd5+ {[%clk 0:24:57]}  Kc7 {[%clk 0:26:43]} 46. Qd6+ {[%clk 0:24:10]}  Kb7 {[%clk 0:25:48]} 47. Qd5+ {[%clk 0:23:41]}  Rc6 {[%clk 0:22:39]} 48. Nd2 {[%clk 0:19:35]}  Rh1 {[%clk 0:21:45]} 49. Qd7+ {[%clk 0:19:33]}  Rc7 {[%clk 0:21:52]} 50. Qd5+ {[%clk 0:19:37]}  Qc6 {[%clk 0:22:15]} 51. Qxc6+ {[%clk 0:19:33]}  Rxc6 {[%clk 0:22:32]} 52. f4 {[%clk 0:19:33]}  Rc2 {[%clk 0:22:58]} 53. Kd3 {[%clk 0:19:46]}  Rxd2+ {[%clk 0:23:20]} 54. Kxd2 {[%clk 0:19:55]}  Rh2 {[%clk 0:23:34]} 0-1

[Event "45th FIDE Chess Olympiad Open"]
[Site "Budapest, Hungary"]
[Date "2024.09.21"]
[Round "10"]
[White "Young, Christopher"]
[Black "Salvadora, Angelo"]
[Result "1-0"]
[Board "350"]
[WhiteFideId "33100039"]
[BlackFideId "16601491"]
[WhiteTitle "CM"]
[WhiteElo "1758"]
[BlackElo "1812"]
[WhiteTeam "Cayman Islands"]
[BlackTeam "Palau"]
[WhiteClock "0:01:04"]
[BlackClock "0:03:22"]
[Variant "Standard"]

1. d4 {[%clk 1:30:57]}  e6 {[%clk 1:30:27]} 2. c4 {[%clk 1:31:10]}  d5 {[%clk 1:28:51]} 3. Nc3 {[%clk 1:31:32]}  h6 {[%clk 1:27:22]} 4. Nf3 {[%clk 1:31:30]}  c6 {[%clk 1:21:58]} 5. e3 {[%clk 1:30:42]}  Nf6 {[%clk 1:20:45]} 6. Bd3 {[%clk 1:30:27]}  Na6 {[%clk 1:17:31]} 7. O-O {[%clk 1:25:59]}  Nc7 {[%clk 1:08:35]} 8. e4 {[%clk 1:13:58]}  dxe4 {[%clk 1:07:27]} 9. Nxe4 {[%clk 1:14:15]}  Nxe4 {[%clk 1:04:51]} 10. Bxe4 {[%clk 1:14:37]}  Be7 {[%clk 1:02:21]} 11. Bf4 {[%clk 0:55:15]}  Bg5 {[%clk 0:57:55]} 12. Qd2 {[%clk 0:39:20]}  Bd7 {[%clk 0:40:52]} 13. Nxg5 {[%clk 0:26:51]}  hxg5 {[%clk 0:40:58]} 14. Bxg5 {[%clk 0:27:16]}  f6 {[%clk 0:38:50]} 15. Bf4 {[%clk 0:20:15]}  Na6 {[%clk 0:30:38]} 16. Rfe1 {[%clk 0:16:28]}  Kf7 {[%clk 0:26:07]} 17. Rad1 {[%clk 0:15:35]}  f5 {[%clk 0:22:56]} 18. Bc2 {[%clk 0:12:23]}  Qh4 {[%clk 0:20:33]} 19. d5 {[%clk 0:10:22]}  Rad8 {[%clk 0:18:54]} 20. h3 {[%clk 0:09:15]}  Rde8 {[%clk 0:15:20]} 21. Bg5 {[%clk 0:05:31]}  Qxc4 {[%clk 0:12:47]} 22. dxe6+ {[%clk 0:03:19]}  Bxe6 {[%clk 0:10:11]} 23. Bb3 {[%clk 0:03:05]}  Qb4 {[%clk 0:08:24]} 24. Qd7+ {[%clk 0:02:23]}  Kg6 {[%clk 0:05:18]} 25. Rxe6+ {[%clk 0:01:27]}  Rxe6 {[%clk 0:05:16]} 26. Bxe6 {[%clk 0:01:14]}  Qf8 {[%clk 0:03:17]} 27. Be7 {[%clk 0:01:22]}  Qe8 {[%clk 0:03:11]} 28. Bxf5+ {[%clk 0:01:34]}  Kh6 {[%clk 0:03:24]} 29. Qd2+ {[%clk 0:01:30]}  g5 {[%clk 0:03:22]} 30. Qxg5# {[%clk 0:01:04]} 1-0

[Event "45th FIDE Chess Olympiad Open"]
[Site "Budapest, Hungary"]
[Date "2024.09.21"]
[Round "10"]
[White "Mahor Jr, Manuel"]
[Black "Shaw, Clifford"]
[Result "1-0"]
[Board "351"]
[WhiteFideId "16600100"]
[BlackFideId "33100101"]
[WhiteElo "1759"]
[BlackElo "1744"]
[WhiteTeam "Palau"]
[BlackTeam "Cayman Islands"]
[WhiteClock "0:22:48"]
[BlackClock "0:01:12"]
[Variant "Standard"]

1. d4 {[%clk 1:30:32]}  e6 {[%clk 1:30:59]} 2. Nf3 {[%clk 1:30:37]}  f5 {[%clk 1:31:25]} 3. c4 {[%clk 1:28:21]}  Nf6 {[%clk 1:31:52]} 4. Nc3 {[%clk 1:28:31]}  b6 {[%clk 1:31:55]} 5. d5 {[%clk 1:22:28]}  Bb4 {[%clk 1:31:08]} 6. Bg5 {[%clk 1:17:53]}  exd5 {[%clk 1:27:32]} 7. cxd5 {[%clk 1:15:10]}  O-O {[%clk 1:24:17]} 8. Qb3 {[%clk 1:14:46]}  Bxc3+ {[%clk 1:24:02]} 9. Qxc3 {[%clk 1:13:56]}  h6 {[%clk 1:17:38]} 10. Bxf6 {[%clk 1:13:56]}  Rxf6 {[%clk 1:18:03]} 11. e3 {[%clk 1:13:04]}  c5 {[%clk 1:15:13]} 12. Bc4 {[%clk 1:11:51]}  d6 {[%clk 1:15:21]} 13. O-O {[%clk 1:11:11]}  Bd7 {[%clk 1:11:34]} 14. a4 {[%clk 1:11:13]}  Be8 {[%clk 1:10:02]} 15. Rfe1 {[%clk 1:09:54]}  Bh5 {[%clk 1:09:06]} 16. Nd2 {[%clk 1:09:26]}  Nd7 {[%clk 1:08:55]} 17. Be2 {[%clk 1:08:52]}  Bxe2 {[%clk 1:02:48]} 18. Rxe2 {[%clk 1:09:09]}  a6 {[%clk 0:56:35]} 19. Rae1 {[%clk 1:08:24]}  b5 {[%clk 0:56:21]} 20. e4 {[%clk 1:06:14]}  Qb6 {[%clk 0:48:43]} 21. a5 {[%clk 1:02:00]}  Qd8 {[%clk 0:37:53]} 22. b4 {[%clk 0:57:22]}  Rc8 {[%clk 0:35:33]} 23. exf5 {[%clk 0:53:03]}  Rxf5 {[%clk 0:27:57]} 24. Qd3 {[%clk 0:48:29]}  Qg5 {[%clk 0:21:31]} 25. Nf3 {[%clk 0:46:56]}  Rxd5 {[%clk 0:19:27]} 26. Qe4 {[%clk 0:41:51]}  Qf5 {[%clk 0:18:01]} 27. Qe7 {[%clk 0:32:07]}  Nf6 {[%clk 0:06:03]} 28. Qb7 {[%clk 0:26:46]}  cxb4 {[%clk 0:03:02]} 29. Re7 {[%clk 0:26:57]}  Nh5 {[%clk 0:03:01]} 30. Nh4 {[%clk 0:23:06]}  Re5 {[%clk 0:01:12]} 31. Nxf5 {[%clk 0:22:48]} 1-0

[Event "45th FIDE Chess Olympiad Open"]
[Site "Budapest, Hungary"]
[Date "2024.09.21"]
[Round "10"]
[White "Kamara, Ansumana"]
[Black "Murphy, Jones"]
[Result "1-0"]
[Board "353"]
[WhiteFideId "1622218"]
[BlackFideId "2057603"]
[WhiteTitle "CM"]
[WhiteElo "1876"]
[BlackElo "2021"]
[WhiteTeam "Sierra Leone"]
[BlackTeam "Dominica"]
[WhiteClock "0:27:11"]
[BlackClock "0:06:04"]
[Variant "Standard"]

1. e4 {[%clk 1:30:57]}  e5 {[%clk 1:30:57]} 2. Nf3 {[%clk 1:31:16]}  Nc6 {[%clk 1:31:23]} 3. Bb5 {[%clk 1:31:37]}  a6 {[%clk 1:31:49]} 4. Ba4 {[%clk 1:31:59]}  Nf6 {[%clk 1:32:12]} 5. d3 {[%clk 1:32:20]}  b5 {[%clk 1:32:36]} 6. Bb3 {[%clk 1:32:42]}  g6 {[%clk 1:33:01]} 7. O-O {[%clk 1:32:44]}  Bg7 {[%clk 1:33:24]} 8. a4 {[%clk 1:30:35]}  Bb7 {[%clk 1:29:40]} 9. axb5 {[%clk 1:29:40]}  axb5 {[%clk 1:29:05]} 10. Rxa8 {[%clk 1:30:02]}  Qxa8 {[%clk 1:28:35]} 11. Nc3 {[%clk 1:30:22]}  b4 {[%clk 1:26:33]} 12. Na2 {[%clk 1:27:15]}  O-O {[%clk 1:21:33]} 13. Bd2 {[%clk 1:27:34]}  Qa5 {[%clk 1:19:44]} 14. Qe1 {[%clk 1:27:46]}  Re8 {[%clk 1:12:19]} 15. Nxb4 {[%clk 1:27:53]}  Nxb4 {[%clk 1:11:29]} 16. Bxb4 {[%clk 1:27:56]}  Qb6 {[%clk 1:11:25]} 17. Ng5 {[%clk 1:24:42]}  d5 {[%clk 1:10:05]} 18. Ba5 {[%clk 1:20:29]}  Qa7 {[%clk 1:09:40]} 19. exd5 {[%clk 1:13:27]}  Nxd5 {[%clk 1:06:57]} 20. Bd2 {[%clk 1:05:58]}  h6 {[%clk 1:03:48]} 21. Ne4 {[%clk 1:05:54]}  Kh7 {[%clk 1:03:44]} 22. c4 {[%clk 1:03:17]}  Ne7 {[%clk 1:00:38]} 23. Be3 {[%clk 1:03:14]}  Qb8 {[%clk 0:58:08]} 24. Nc5 {[%clk 1:01:00]}  Bc6 {[%clk 0:55:13]} 25. Qd2 {[%clk 0:58:57]}  Nf5 {[%clk 0:52:54]} 26. Bd1 {[%clk 0:57:15]}  Qa8 {[%clk 0:50:21]} 27. f3 {[%clk 0:55:02]}  Nxe3 {[%clk 0:48:18]} 28. Qxe3 {[%clk 0:55:23]}  Rd8 {[%clk 0:43:33]} 29. Kh1 {[%clk 0:53:54]}  f5 {[%clk 0:39:24]} 30. Ne6 {[%clk 0:53:18]}  Rd7 {[%clk 0:39:23]} 31. Nxg7 {[%clk 0:52:55]}  Rxg7 {[%clk 0:39:49]} 32. Qxe5 {[%clk 0:53:03]}  Qd8 {[%clk 0:40:07]} 33. d4 {[%clk 0:52:35]}  Re7 {[%clk 0:40:12]} 34. Qf4 {[%clk 0:51:23]}  Qe8 {[%clk 0:40:10]} 35. Qd2 {[%clk 0:51:35]}  Bb7 {[%clk 0:37:32]} 36. h3 {[%clk 0:51:43]}  Qd8 {[%clk 0:37:06]} 37. d5 {[%clk 0:51:37]}  Rd7 {[%clk 0:37:02]} 38. Qc2 {[%clk 0:50:16]}  c6 {[%clk 0:36:36]} 39. dxc6 {[%clk 0:49:22]}  Bxc6 {[%clk 0:36:54]} 40. b4 {[%clk 0:48:47]}  Rd2 {[%clk 0:36:36]} 41. Qc1 {[%clk 0:47:15]}  Qd3 {[%clk 0:36:38]} 42. Rg1 {[%clk 0:47:13]}  g5 {[%clk 0:34:53]} 43. b5 {[%clk 0:46:21]}  Bb7 {[%clk 0:34:20]} 44. c5 {[%clk 0:45:13]}  Bd5 {[%clk 0:34:30]} 45. c6 {[%clk 0:42:41]}  g4 {[%clk 0:32:43]} 46. hxg4 {[%clk 0:40:18]}  fxg4 {[%clk 0:32:53]} 47. c7 {[%clk 0:40:03]}  Bb7 {[%clk 0:13:52]} 48. c8=Q {[%clk 0:31:34]}  Bxc8 {[%clk 0:14:11]} 49. Qxc8 {[%clk 0:30:37]}  Rxd1 {[%clk 0:14:32]} 50. Qb7+ {[%clk 0:29:54]}  Kg8 {[%clk 0:11:11]} 51. Qb8+ {[%clk 0:28:37]}  Kh7 {[%clk 0:09:45]} 52. fxg4 {[%clk 0:27:34]}  Rxg1+ {[%clk 0:08:22]} 53. Kxg1 {[%clk 0:27:53]}  Qd4+ {[%clk 0:08:43]} 54. Kf1 {[%clk 0:27:32]}  Qxg4 {[%clk 0:07:19]} 55. Qb7+ {[%clk 0:27:14]}  Kg6 {[%clk 0:06:59]} 56. Qc6+ {[%clk 0:27:10]}  Kg5 {[%clk 0:06:11]} 57. Qd5+ {[%clk 0:26:58]}  Kg6 {[%clk 0:06:04]} 58. Qg8+ {[%clk 0:27:11]} 1-0

[Event "45th FIDE Chess Olympiad Open"]
[Site "Budapest, Hungary"]
[Date "2024.09.21"]
[Round "10"]
[White "Bridet, Robert"]
[Black "Winston Gerald, Mansfield Thomas"]
[Result "0-1"]
[Board "354"]
[WhiteFideId "93800037"]
[BlackFideId "17800048"]
[WhiteElo "1697"]
[BlackElo "1950"]
[WhiteTeam "Dominica"]
[BlackTeam "Sierra Leone"]
[WhiteClock "0:00:41"]
[BlackClock "0:29:47"]
[Variant "Standard"]

1. e4 {[%clk 1:30:56]}  e5 {[%clk 1:30:58]} 2. Nf3 {[%clk 1:30:52]}  d6 {[%clk 1:31:14]} 3. Bc4 {[%clk 1:30:31]}  Be7 {[%clk 1:31:29]} 4. h3 {[%clk 1:30:37]}  Nf6 {[%clk 1:31:47]} 5. d3 {[%clk 1:30:56]}  O-O {[%clk 1:32:06]} 6. a3 {[%clk 1:29:26]}  a6 {[%clk 1:32:18]} 7. Nbd2 {[%clk 1:29:11]}  c6 {[%clk 1:32:25]} 8. Ba2 {[%clk 1:28:20]}  Qc7 {[%clk 1:32:30]} 9. Nc4 {[%clk 1:28:15]}  Nbd7 {[%clk 1:32:03]} 10. Ne3 {[%clk 1:27:26]}  g6 {[%clk 1:31:17]} 11. O-O {[%clk 1:27:38]}  Nh5 {[%clk 1:31:15]} 12. Ng4 {[%clk 1:26:56]}  Nc5 {[%clk 1:27:35]} 13. Ng5 {[%clk 1:23:57]}  Kg7 {[%clk 1:23:32]} 14. Qd2 {[%clk 1:16:58]}  Nf4 {[%clk 1:23:33]} 15. Nf3 {[%clk 1:12:19]}  h5 {[%clk 1:22:52]} 16. Ngh2 {[%clk 1:09:22]}  Rh8 {[%clk 1:21:24]} 17. Qe3 {[%clk 1:04:59]}  Nce6 {[%clk 1:21:08]} 18. Kh1 {[%clk 0:59:40]}  c5 {[%clk 1:19:01]} 19. Ng1 {[%clk 0:59:01]}  Nd4 {[%clk 1:18:43]} 20. Qd2 {[%clk 0:53:59]}  Qb6 {[%clk 1:13:09]} 21. Qd1 {[%clk 0:50:22]}  Nfe6 {[%clk 1:09:59]} 22. c3 {[%clk 0:49:42]}  Nc6 {[%clk 1:10:20]} 23. Nhf3 {[%clk 0:47:17]}  Bd7 {[%clk 1:10:17]} 24. Nd2 {[%clk 0:43:42]}  Qd8 {[%clk 1:09:23]} 25. Nc4 {[%clk 0:43:49]}  b5 {[%clk 1:04:58]} 26. Ne3 {[%clk 0:43:52]}  Rc8 {[%clk 1:00:25]} 27. Nd5 {[%clk 0:43:29]}  Nc7 {[%clk 0:55:19]} 28. Nb6 {[%clk 0:40:05]}  Rb8 {[%clk 0:55:28]} 29. Nxd7 {[%clk 0:40:25]}  Qxd7 {[%clk 0:55:49]} 30. f4 {[%clk 0:40:15]}  f6 {[%clk 0:56:02]} 31. Qf3 {[%clk 0:38:56]}  exf4 {[%clk 0:55:16]} 32. Bxf4 {[%clk 0:36:49]}  Ne5 {[%clk 0:55:31]} 33. Bxe5 {[%clk 0:33:34]}  dxe5 {[%clk 0:55:47]} 34. Rad1 {[%clk 0:33:24]}  Rbd8 {[%clk 0:55:54]} 35. d4 {[%clk 0:33:26]}  cxd4 {[%clk 0:55:24]} 36. cxd4 {[%clk 0:33:34]}  exd4 {[%clk 0:55:04]} 37. Ne2 {[%clk 0:31:41]}  d3 {[%clk 0:52:43]} 38. Nf4 {[%clk 0:31:05]}  d2 {[%clk 0:44:16]} 39. Nd5 {[%clk 0:28:23]}  Nxd5 {[%clk 0:42:57]} 40. Bxd5 {[%clk 0:28:45]}  Qd6 {[%clk 0:42:30]} 41. Rxd2 {[%clk 0:28:25]}  Rc8 {[%clk 0:41:25]} 42. Qe3 {[%clk 0:25:25]}  Rc7 {[%clk 0:34:01]} 43. Ba2 {[%clk 0:19:47]}  Qe5 {[%clk 0:34:10]} 44. Bd5 {[%clk 0:13:21]}  Bd6 {[%clk 0:32:38]} 45. Kg1 {[%clk 0:11:03]}  Bc5 {[%clk 0:32:59]} 46. Qxc5 {[%clk 0:10:16]}  Rxc5 {[%clk 0:33:21]} 47. Bb7 {[%clk 0:08:59]}  Rf8 {[%clk 0:31:51]} 48. b4 {[%clk 0:08:33]}  Rc3 {[%clk 0:31:48]} 49. Rd5 {[%clk 0:08:10]}  Qg3 {[%clk 0:31:18]} 50. e5 {[%clk 0:08:20]}  fxe5 {[%clk 0:31:19]} 51. Rd7+ {[%clk 0:08:14]}  Kh6 {[%clk 0:31:09]} 52. Rfd1 {[%clk 0:05:24]}  e4 {[%clk 0:31:02]} 53. Re7 {[%clk 0:04:23]}  e3 {[%clk 0:30:55]} 54. Re6 {[%clk 0:02:35]}  Rf2 {[%clk 0:29:25]} 55. Be4 {[%clk 0:00:41]}  Rxg2+ {[%clk 0:29:22]} 56. Bxg2 {[%clk 0:00:41]}  Rc2 {[%clk 0:29:47]} 0-1

[Event "45th FIDE Chess Olympiad Open"]
[Site "Budapest, Hungary"]
[Date "2024.09.21"]
[Round "10"]
[White "Adeshole Beckley, Brian"]
[Black "Thomas, Larry"]
[Result "1-0"]
[Board "355"]
[WhiteFideId "17800013"]
[BlackFideId "93800045"]
[WhiteElo "1814"]
[BlackElo "1686"]
[WhiteTeam "Sierra Leone"]
[BlackTeam "Dominica"]
[WhiteClock "0:43:46"]
[BlackClock "0:03:35"]
[Variant "Standard"]

1. d4 {[%clk 1:30:57]}  Nf6 {[%clk 1:30:58]} 2. c4 {[%clk 1:31:17]}  e6 {[%clk 1:31:09]} 3. Nf3 {[%clk 1:31:43]}  Bb4+ {[%clk 1:30:59]} 4. Bd2 {[%clk 1:31:54]}  Qe7 {[%clk 1:29:28]} 5. a3 {[%clk 1:32:11]}  Bxd2+ {[%clk 1:29:42]} 6. Qxd2 {[%clk 1:31:32]}  b6 {[%clk 1:29:12]} 7. Nc3 {[%clk 1:31:30]}  Bb7 {[%clk 1:28:27]} 8. e3 {[%clk 1:28:49]}  Ne4 {[%clk 1:24:48]} 9. Nxe4 {[%clk 1:28:53]}  Bxe4 {[%clk 1:25:14]} 10. Bd3 {[%clk 1:29:07]}  Bxd3 {[%clk 1:20:17]} 11. Qxd3 {[%clk 1:28:55]}  c6 {[%clk 1:19:33]} 12. O-O {[%clk 1:28:11]}  O-O {[%clk 1:19:56]} 13. b4 {[%clk 1:27:35]}  d6 {[%clk 1:17:26]} 14. Rac1 {[%clk 1:27:33]}  Nd7 {[%clk 1:16:30]} 15. Qe4 {[%clk 1:26:58]}  d5 {[%clk 1:15:50]} 16. cxd5 {[%clk 1:27:12]}  cxd5 {[%clk 1:16:02]} 17. Qf4 {[%clk 1:27:01]}  Rac8 {[%clk 1:13:17]} 18. Qh4 {[%clk 1:16:18]}  Qxh4 {[%clk 1:12:51]} 19. Nxh4 {[%clk 1:16:46]}  Rc4 {[%clk 1:12:48]} 20. Rxc4 {[%clk 1:16:44]}  dxc4 {[%clk 1:13:16]} 21. b5 {[%clk 1:17:04]}  Rc8 {[%clk 1:04:44]} 22. Rc1 {[%clk 1:16:18]}  Kf8 {[%clk 0:44:36]} 23. Nf3 {[%clk 1:16:36]}  Ke7 {[%clk 0:42:58]} 24. Rc3 {[%clk 1:10:48]}  Kd6 {[%clk 0:36:50]} 25. e4 {[%clk 1:07:54]}  e5 {[%clk 0:35:42]} 26. Kf1 {[%clk 0:56:29]}  exd4 {[%clk 0:33:56]} 27. Nxd4 {[%clk 0:56:55]}  Kc5 {[%clk 0:29:21]} 28. Nc6 {[%clk 0:57:17]}  Nb8 {[%clk 0:21:58]} 29. Nxa7 {[%clk 0:46:07]}  Rc7 {[%clk 0:20:19]} 30. Nc6 {[%clk 0:46:30]}  Nxc6 {[%clk 0:20:26]} 31. bxc6 {[%clk 0:46:55]}  Rxc6 {[%clk 0:20:26]} 32. Ke2 {[%clk 0:46:55]}  Kd4 {[%clk 0:19:11]} 33. Re3 {[%clk 0:47:18]}  c3 {[%clk 0:17:50]} 34. Kd1 {[%clk 0:47:12]}  c2+ {[%clk 0:16:02]} 35. Kc1 {[%clk 0:47:38]}  Rc3 {[%clk 0:12:39]} 36. Rxc3 {[%clk 0:43:09]}  Kxc3 {[%clk 0:13:06]} 37. e5 {[%clk 0:43:02]}  b5 {[%clk 0:12:26]} 38. f4 {[%clk 0:42:57]}  Kb3 {[%clk 0:12:29]} 39. f5 {[%clk 0:42:40]}  b4 {[%clk 0:08:53]} 40. axb4 {[%clk 0:42:56]}  Kxb4 {[%clk 0:04:14]} 41. e6 {[%clk 0:43:22]}  fxe6 {[%clk 0:03:35]} 42. fxe6 {[%clk 0:43:46]} 1-0